The Political Philosophy of Muhammad Iqbal (Record no. 2675)

000 -LEADER
fixed length control field 00306nam a22001217a 4500
020 ## - INTERNATIONAL STANDARD BOOK NUMBER
International Standard Book Number 9781107038189
082 ## - DEWEY DECIMAL CLASSIFICATION NUMBER
Classification number 320.5570
100 ## - MAIN ENTRY--PERSONAL NAME
Personal name Iqbal Singh Sevea
245 ## - TITLE STATEMENT
Title The Political Philosophy of Muhammad Iqbal
260 ## - PUBLICATION, DISTRIBUTION, ETC.
Place of publication, distribution, etc. New delhi
Name of publisher, distributor, etc. Cambridge university press
Date of publication, distribution, etc. 2012.
300 ## - PHYSICAL DESCRIPTION
Extent 234p
942 ## - ADDED ENTRY ELEMENTS (KOHA)
Koha item type Book
Holdings
Withdrawn status Lost status Damaged status Not for loan Collection code Permanent Location Current Location Shelving location Date acquired Total Checkouts Total Renewals Full call number Barcode Date last seen Date last checked out Price effective from Koha item type
          Central Library (CL) Central Library (CL) General Stacks 03/10/2016 1 4 320.5570 SEV S3H-S-269 12/01/2021 12/10/2018 03/10/2016 Book
© 2023 Central Library, National University of Sciences and Technology. All Rights Reserved.